| 000 -LEADER |
| fixed length control field |
00791pam a2200193 a 4500 |
| 020 ## - INTERNATIONAL STANDARD BOOK NUMBER |
| ISBN |
093573421X : |
| 040 ## - CATALOGING SOURCE |
| Transcribing agency |
DLC |
| 082 00 - DEWEY DECIMAL CLASSIFICATION NUMBER |
| Classification number |
338 SOI 1990 A068 Or. |
| 245 00 - TITLE STATEMENT |
| Title |
Sustainable agricultural systems / |
| 260 ## - PUBLICATION, DISTRIBUTION, ETC. (IMPRINT) |
| Place of publication |
Ankeny, Iowa : |
| Name of publisher |
Soil and Water Conservation Society, |
| Year of publication |
c1990. |
| 300 ## - PHYSICAL DESCRIPTION |
| Number of Pages |
xvi, 696 p. : |
| Other physical details |
ill., maps ; |
| Dimensions |
24 cm. |
| 500 ## - GENERAL NOTE |
| General note |
"Proceedings of the International Conference on Sustainable Agricultural Systems that was held at Ohio State University, Columbus, Ohio, in September 1988 ... [under the] sponsorship of USAID ... [et al.]"--P. xiv. |
| 650 #0 - SUBJECT ADDED ENTRY--TOPICAL TERM |
| Topical Term |
Sustainable agriculture. |
| 650 #0 - SUBJECT ADDED ENTRY--TOPICAL TERM |
| Topical Term |
Agricultural systems. |
| 700 1# - ADDED ENTRY--PERSONAL NAME |
| Personal name |
Edwards, C. A. |
| 710 1# - ADDED ENTRY--CORPORATE NAME |
| Corporate name or jurisdiction name as entry element |
United States. |
| 856 42 - ELECTRONIC LOCATION AND ACCESS |
| Uniform Resource Identifier |
http://www.loc.gov/catdir/enhancements/fy0744/89026370-d.html |
| 942 ## - ADDED ENTRY ELEMENTS (KOHA) |
| Koha item type |
សៀវភៅភាសាអង់គ្លេស |
| 952 ## - LOCATION AND ITEM INFORMATION (KOHA) |
| Withdrawn status [LOCAL, KOHA] |
0 |